[Event "Euskadi-chT (Vasca) Div 1st"]
[Site "Bergara"]
[Date "2017.01.21"]
[Round "2.4"]
[White "Ortega Fuentes, Luis Angel"]
[Black "Mombiela Martinez, Gonzalo"]
[Result "1/2-1/2"]
[WhiteElo "2136"]
[BlackElo "2131"]
[PlyCount "131"]
[EventDate "2017.01.14"]
[EventType "team-tourn"]
[EventRounds "9"]
[EventCountry "ESP"]
[SourceTitle "EXT 2024"]
[Source "ChessBase"]
[SourceDate "2023.10.10"]
[SourceVersion "1"]
[SourceVersionDate "2023.10.10"]
[SourceQuality "1"]

1. Nf3 d5 2. c4 e6 3. b3 f5 4. Bb2 Nf6 5. g3 Bd6 6. Bg2 0-0 7. 0-0 c6 8. d3 Qe7 9. Nc3 e5 10. cxd5 Nxd5 11. Nd2 Nxc3 12. Bxc3 Be6 13. Nc4 Nd7 14. Nxd6 Qxd6 15. Qd2 Rad8 16. Rfd1 Rf7 17. Qe3 b6 18. b4 Bd5 19. a4 f4 20. Qd2 Bxg2 21. Kxg2 Qd5+ 22. f3 h5 23. Qa2 Nf6 24. Qxd5 Nxd5 25. Bd2 g5 26. Rac1 Rd6 27. Rc4 Kh7 28. Re4 Re7 29. Kf2 Ree6 30. Rc4 Kg6 31. Rg1 Kf5 32. h3 Rh6 33. g4+ hxg4 34. hxg4+ Ke6 35. Kg2 Kd7 36. Rh1 Rxh1 37. Kxh1 Rh6+ 38. Kg1 Kd6 39. d4 exd4 40. Rxd4 Re6 41. Kf2 c5 42. bxc5+ bxc5 43. Rc4 Kc6 44. Rc1 Nb6 45. e3 Nxa4 46. exf4 gxf4 47. Bxf4 Nb2 48. Ra1 Nd3+ 49. Kg3 Re7 50. Bd2 Kd5 51. g5 Ke5 52. Ra3 Rd7 53. Ra6 Nb4 54. Bf4+ Kd5 55. Ra1 Nd3 56. Bd2 Rg7 57. f4 Ke4 58. Ra4+ Kf5 59. Ra6 Rf7 60. Rd6 c4 61. Rc6 Rd7 62. Rxc4 Ne5 63. fxe5 Rxd2 64. Ra4 Kxg5 65. Kf3 Kf5 66. Rxa7 1/2-1/2

[Event "Euskadi-chT (Vasca) Div 1st"]
[Site "Bergara"]
[Date "2014.01.11"]
[Round "1.1"]
[White "Pastor Pons, Carlos Luis"]
[Black "Ortega Fuentes, Luis Angel"]
[Result "0-1"]
[WhiteElo "2190"]
[BlackElo "2086"]
[PlyCount "80"]
[EventDate "2014.01.11"]
[EventType "team-tourn"]
[EventRounds "9"]
[EventCountry "ESP"]
[SourceTitle "EXT 2024"]
[Source "ChessBase"]
[SourceDate "2023.10.10"]
[SourceVersion "1"]
[SourceVersionDate "2023.10.10"]
[SourceQuality "1"]

1. e4 e5 2. Nf3 d6 3. d4 Nf6 4. Nc3 Nbd7 5. Be2 Be7 6. 0-0 0-0 7. h3 c6 8. Be3 b5 9. a3 a6 10. b4 Bb7 11. dxe5 dxe5 12. Nd2 c5 13. Qb1 Rc8 14. Qb3 Qc7 15. Bxb5 axb5 16. Nxb5 Qb8 17. Nc3 cxb4 18. axb4 Qc7 19. Ra3 Ra8 20. Rfa1 Rfc8 21. f3 Nb6 22. Rxa8 Bxa8 23. Nb5 Qb8 24. Ra7 Nfd7 25. Kh2 Bc6 26. Ra5 Bxb5 27. Rxb5 Qc7 28. Nf1 Qc6 29. Qd3 Nc4 30. Rd5 Ndb6 31. Bxb6 Nxb6 32. Rb5 Nc4 33. Qd5 Qxd5 34. exd5 Kf8 35. c3 Ke8 36. Ng3 Nd6 37. Rc5 Rxc5 38. bxc5 Nc4 39. d6 Bf8 40. Ne4 f5 0-1

[Event "Mondragon Arrasate Hiria op 4th"]
[Site "Mondragon"]
[Date "2004.10.22"]
[Round "5.3"]
[White "Manso Marquez, Felix"]
[Black "Ortega Fuentes, Luis Angel"]
[Result "1-0"]
[WhiteElo "2095"]
[BlackElo "2131"]
[PlyCount "77"]
[EventDate "2004.09.24"]
[EventType "swiss"]
[EventRounds "6"]
[EventCountry "ESP"]
[SourceTitle "CBM 103 Extra"]
[Source "ChessBase"]
[SourceDate "2005.01.01"]
[SourceVersion "1"]
[SourceVersionDate "2005.01.01"]
[SourceQuality "1"]

1. d4 d5 2. Nf3 Nc6 3. e3 Bg4 4. c4 Nf6 5. Nc3 e6 6. h3 Bxf3 7. gxf3 Be7 8. Rg1 0-0 9. cxd5 exd5 10. Bd2 Re8 11. Qb3 a6 12. Bd3 Qd6 13. Ne2 Nh5 14. Rc1 Ra7 15. Rc5 Rd8 16. Rc1 g6 17. Bc3 Qh2 18. Kd2 Qxf2 19. Rcf1 Qh4 20. e4 Bg5+ 21. Kc2 Be3 22. exd5 Bxg1 23. dxc6 Bh2 24. cxb7 Rb8 25. Be4 Qxh3 26. Rf2 Nf6 27. Bc6 Qf5+ 28. Kc1 Bf4+ 29. Nxf4 Qxf4+ 30. Kb1 a5 31. Qc4 a4 32. a3 Raxb7 33. Bxb7 Rxb7 34. Qc6 Rb8 35. Re2 Qf5+ 36. Ka1 Qd3 37. Re1 Nh5 38. d5 Ng7 39. Qf6 1-0

[Event "Euskadi-ch"]
[Site "Vitoria Gasteiz"]
[Date "2003.04.23"]
[Round "3.4"]
[White "Ortega Fuentes, Luis Angel"]
[Black "Salinero de Prado, Juan Manuel"]
[Result "1/2-1/2"]
[WhiteElo "2155"]
[BlackElo "2213"]
[PlyCount "68"]
[EventDate "2003.04.22"]
[EventType "swiss"]
[EventRounds "7"]
[EventCountry "ESP"]
[SourceTitle "EXT 2004"]
[Source "ChessBase"]
[SourceDate "2003.11.25"]
[SourceVersion "1"]
[SourceVersionDate "2003.11.25"]
[SourceQuality "1"]

1. e4 e6 2. d4 c5 3. c3 Nf6 4. Bd3 Nc6 5. Nf3 d5 6. e5 Nd7 7. a3 c4 8. Bc2 b5 9. 0-0 Be7 10. Ne1 Qb6 11. f4 g6 12. Kh1 Bb7 13. b3 Qc7 14. a4 cxb3 15. Bxb3 bxa4 16. Bxa4 Nb6 17. Bb5 a6 18. Be2 0-0 19. Ba3 Bxa3 20. Rxa3 Nc4 21. Bxc4 dxc4 22. Nd2 Ne7 23. Qe2 a5 24. Ne4 Bxe4 25. Qxe4 Rab8 26. Nf3 Rb3 27. Rfa1 Rxa3 28. Rxa3 Rb8 29. h3 Nd5 30. f5 Rb3 31. Ra1 Nxc3 32. Qa8+ Rb8 33. Qxa5 Qxa5 34. Rxa5 Nd5 1/2-1/2

[Event "Euskadi-ch"]
[Site "Subijana de Alava"]
[Date "2002.04.05"]
[Round "4.3"]
[White "Ortega Fuentes, Luis Angel"]
[Black "Gomez Esteban, Juan Mario"]
[Result "1/2-1/2"]
[WhiteElo "2155"]
[BlackElo "2501"]
[PlyCount "88"]
[EventDate "2002.04.02"]
[EventType "swiss"]
[EventRounds "7"]
[EventCountry "ESP"]
[SourceTitle "EXT 2003"]
[Source "ChessBase"]
[SourceDate "2002.11.25"]
[SourceVersion "1"]
[SourceVersionDate "2002.11.25"]
[SourceQuality "1"]

1. e4 c5 2. Nc3 Nc6 3. Bb5 Nd4 4. Bc4 g6 5. Nge2 Bg7 6. d3 e6 7. 0-0 Ne7 8. Nxd4 cxd4 9. Ne2 0-0 10. Bg5 h6 11. Bxe7 Qxe7 12. f4 f5 13. Ng3 Kh7 14. Qf3 Rb8 15. a4 b6 16. e5 d6 17. exd6 Qxd6 18. Rfe1 Bb7 19. Qf2 e5 20. fxe5 Bxe5 21. Nf1 Rbe8 22. a5 Re7 23. axb6 axb6 24. Ra7 Rfe8 25. Rea1 Bc6 26. Qh4 Bf6 27. Qg3 Qxg3 28. Nxg3 h5 29. Bf7 Rxa7 30. Rxa7 Re7 31. Rxe7 Bxe7 32. Ne2 Kg7 33. Bb3 Bg5 34. c3 Be3+ 35. Kf1 dxc3 36. bxc3 Kf6 37. g3 g5 38. h4 gxh4 39. gxh4 f4 40. Nd4 Bxd4 41. cxd4 Kf5 42. Bf7 Kg4 43. d5 Bb5 44. Be6+ Kg3 1/2-1/2